Patron Saints of Countries - Statistics

General Stats
  • This quiz has been taken 22 times
  • The average score is 6 of 25
Answer Stats
Hint Answer % Correct
Wenceslaus Czechia
100%
Francis of Assisi Italy
100%
Our Lady of Lebanon Lebanon
100%
Guardian Angel of Portugal Portugal
88%
Jadwiga Poland
83%
Our Lady of Guadalupe Mexico
80%
Denis France
60%
Olaf Norway
60%
Our Mother of Sheshan China
50%
Cyprian of Carthage Algeria
43%
Euphrosyne of Polotsk Belarus
43%
Marinus San Marino
43%
Bridget Sweden
43%
Stephen Hungary
38%
Gregory the Illuminator Armenia
33%
Virgen de Copacabana Bolivia
33%
Dominic Dominican Republic
29%
Basil of Caesarea Russia
29%
Peter Claver Colombia
25%
Mark the Evangelist Egypt
25%
Thorlak Iceland
25%
Canute Denmark
20%
Clement of Ohrid North Macedonia
20%
Leopold the Good Austria
17%
Mariana de Jesús de Paredes Ecuador
17%
Our Lady of Meritxell Andorra
14%
Gall Switzerland
14%
Our Lady of Good Council Albania
0%
Mary of the Cross MacKillop Australia
0%
Bartholomew Azerbaijan
0%
Elijah Bosnia and Herzegovina
0%
Joseph of Anchieta Brazil
0%
Anne Canada
0%
Virgen de los Angeles Costa Rica
0%
Our Lady of Charity Cuba
0%
Barnabas Cyprus
0%
Our Lady of Fátima East Timor
0%
Our Lady of Peace El Salvador
0%
Nino Georgia
0%
Peter of Saint Joseph de Betancur Guatemala
0%
Our Lady of Perpetual Help Haiti
0%
Our Lady of Suyapa Honduras
0%
Columba Ireland
0%
Casimir Lithuania
0%
Vincent de Paul Madagascar
0%
Publius Malta
0%
Devota Monaco
0%
Lorenzo Ruiz Philippines
0%
Sava Serbia
0%
Sacred Heart Sri Lanka
0%
Plechelm The Netherlands
0%
Our Lady of Coromoto Venezuela
0%
No matching quizzes found
Score Distribution
Percent of People with Each Score
Percentile by Number Answered
Your Score History
You have not taken this quiz